书目信息 |
| 题名: |
《田家五行》选释
|
|
| 作者: | 娄元礼 著 ;江苏省建湖县田家五行选释小组 选释 | |
| 分册: | ||
| 出版信息: | 北京 中华书局 1976 |
|
| 页数: | 84页 | |
| 开本: | 19cm | |
| 丛书名: | ||
| 单 册: | ||
| 中图分类: | S165 | |
| 科图分类: | ||
| 主题词: | 天气谚语 | |
| 电子资源: | ||
| ISBN: | ||
| 000 | 00767nam0 2200241 45 | |
| 001 | 0176002049 | |
| 005 | 20060810110544.32 | |
| 010 | @dCNY0.17 | |
| 100 | @a19951014d1976 em y0chiy0121 ea | |
| 101 | 0 | @achi |
| 102 | @aCN@b110000 | |
| 105 | @ay z 000yy | |
| 200 | 10 | @a《田家五行》选释@A《 tian jia wu hang 》 xuan shi@f(元)娄元礼著@g江苏省建湖县《田家五行》选释小组选释 |
| 210 | @a北京@c中华书局@d1976 | |
| 215 | @a84页@d19cm | |
| 517 | 1 | @a田家五行选释@Atian jia wu hang xuan shi |
| 606 | @a天气谚语 | |
| 690 | @aS165@v3 | |
| 701 | 0 | @a娄元礼@Alou yuan li@4著 |
| 712 | 02 | @a江苏省建湖县田家五行选释小组@Ajiang su sheng jian hu xian tian jia wu hang xuan shi xiao zu@4选释 |
| 801 | 2 | @aCN@bNLC@c20060810 |
| 801 | 0 | @aCN@bTSSF |
| 905 | @a10447@dS165@e48 | |
| 《田家五行》选释/(元)娄元礼著/江苏省建湖县《田家五行》选释小组选释.-北京:中华书局,1976 |
| 84页;19cm |
| ISBN :CNY0.17 |
| ● |
| 相关链接 |
|
|
|
|
正题名:《田家五行》选释
索取号:S165/48
 
预约/预借
| 序号 | 登录号 | 条形码 | 馆藏地/架位号 | 状态 | 备注 |
| 1 | 0452133 | 204521339 | 密集书库/ [索取号:S165/48] | 在馆 |